Sports Quiz

Random Sports or MLB Quiz

2016 Kansas City Royals Starters and Rotation Quiz Stats

 Plays Quiz not verified by Sporcle

Score 0/14 Timer 04:00
0 Plays Today
Position Player % Correct
CSalvador Perez
98.2%
1BEric Hosmer
97.3%
CFLorenzo Cain
94%
LFAlex Gordon
93.8%
SSAlcides Escobar
93.2%
DHKendrys Morales
86.6%
SPYordano Ventura
83%
Position Player % Correct
SPEdinson Volquez
73.8%
3BCheslor Cuthbert
73.2%
2BWhit Merrifield
72.9%
RFPaulo Orlando
71.4%
SPDanny Duffy
67.9%
SPIan Kennedy
62.5%
SPChris Young
61.3%

You're not logged in!

Compare scores with friends on all Sporcle quizzes.
Join for Free
OR
Log In

Show Comments

Extras

Top Quizzes Today


Score Distribution

Your Account Isn't Verified!

In order to create a playlist on Sporcle, you need to verify the email address you used during registration. Go to your Sporcle Settings to finish the process.

Report this User

Report this user for behavior that violates our Community Guidelines.

Details: